000 00396nam a2200157Ia 4500
008 090124s9999 xx 000 0 und d
082 _b111905
245 _a गांव
250 _a1
260 _c1967
300 _a355
630 _a गांव
700 _aकुलकर्णी जी.ए.(गुरुनाथ आबाजी )
730 _a गांव
942 _cBOOK
999 _c157996
_d157996